[Event "Lloyds Bank Masters 18th"]
[Site "London"]
[Date "1994.08.21"]
[Round "2"]
[White "Baker, Chris W"]
[Black "Bates, Richard"]
[Result "0-1"]
[WhiteElo "2260"]
[BlackElo "2285"]
[PlyCount "80"]
[EventDate "1994.08.20"]
[EventType "swiss"]
[EventRounds "10"]
[EventCountry "ENG"]
[SourceTitle "BritBase"]

1. e4 c5 2. Nc3 Nc6 3. f4 g6 4. Nf3 Bg7 5. Bc4 e6 6. f5 Nge7 7. fxe6 dxe6 8. d3
O-O 9. O-O Nd4 10. Be3 Nec6 11. Qd2 Nxf3+ 12. gxf3 Nd4 13. Nd1 b6 14. c3 Nc6
15. Bb5 Bb7 16. f4 f5 17. Nf2 Nd4 18. Bxd4 cxd4 19. Bc4 dxc3 20. bxc3 fxe4 21.
d4 Qd6 22. Ng4 Rae8 23. Qe3 Rc8 24. Ne5 Rf5 25. Bb3 Rcf8 26. Rf2 Kh8 27. Raf1
b5 28. Bc2 Bxe5 29. dxe5 Qb6 30. Qxb6 axb6 31. Bb3 g5 32. Bxe6 Rxf4 33. Rxf4
gxf4 34. Bd7 e3 35. h4 Rg8+ 36. Kh2 e2 37. Re1 Rg2+ 38. Kh3 f3 39. e6 f2 40. e7
f1=Q 0-1

[Event "Lloyds Bank Masters 18th"]
[Site "London"]
[Date "1994.08.21"]
[Round "2"]
[White "Bisby, Daniel L"]
[Black "Ravi, Thandalam S"]
[Result "0-1"]
[WhiteElo "2150"]
[BlackElo "2385"]
[PlyCount "55"]
[EventDate "1994.08.20"]
[EventType "swiss"]
[EventRounds "10"]
[EventCountry "ENG"]
[SourceTitle "BritBase"]

1. d4 Nf6 2. Nf3 e6 3. c4 b6 4. g3 Ba6 5. b3 Bb4+ 6. Bd2 Be7 7. Nc3 d5 8. cxd5
exd5 9. Bg2 O-O 10. O-O c6 11. Re1 Nbd7 12. Nh4 g6 13. Bh6 Re8 14. Qd2 Ng4 15.
Bf4 Bxh4 16. gxh4 Qxh4 17. Bg3 Qh6 18. Bf4 g5 19. Bg3 f5 20. h3 f4 21. Bxf4
gxf4 22. hxg4 Nf6 23. Qc2 Nxg4 24. Qf5 Qh2+ 25. Kf1 Qh4 26. Nd1 Rxe2 27. Bxd5+
cxd5 28. Qxd5+ 0-1

[Event "Lloyds Bank Masters 18th"]
[Site "London"]
[Date "1994.08.21"]
[Round "2"]
[White "Chandler, Murray G"]
[Black "Mayers, Dan E"]
[Result "1-0"]
[WhiteElo "2545"]
[BlackElo "2165"]
[PlyCount "106"]
[EventDate "1994.08.20"]
[EventType "swiss"]
[EventRounds "10"]
[EventCountry "ENG"]
[SourceTitle "BritBase"]

1. e4 e6 2. d4 d5 3. Nc3 Nf6 4. Bg5 Bb4 5. exd5 exd5 6. Qf3 Be6 7. Nge2 c6 8.
Bxf6 Qxf6 9. Qxf6 gxf6 10. O-O-O Nd7 11. Ng3 O-O-O 12. Bd3 Bd6 13. Nce2 c5 14.
c3 c4 15. Bc2 Nf8 16. f4 h5 17. Rhf1 h4 18. Nf5 Bxf5 19. Bxf5+ Kc7 20. Bg4 Re8
21. Kd2 Ne6 22. g3 Kc6 23. Rg1 hxg3 24. hxg3 Rh2 25. Rh1 Reh8 26. Rxh2 Rxh2 27.
b3 b5 28. Ra1 b4 29. Ke3 bxc3 30. bxc4 dxc4 31. Nxc3 Nc7 32. Bf3+ Kd7 33. Ne2
Bb4 34. Rc1 c3 35. a4 Kd6 36. Nxc3 Nd5+ 37. Bxd5 Bxc3 38. Rxc3 Kxd5 39. Rc5+
Kd6 40. Ra5 Rg2 41. Kf3 Rd2 42. Ke4 Rg2 43. Ra6+ Ke7 44. Rxa7+ Kf8 45. d5 Rd2
46. a5 Kg7 47. a6 Kg6 48. Rb7 Ra2 49. a7 Ra4+ 50. Kd3 f5 51. d6 Kf6 52. d7 Ke7
53. d8=Q+ Kxd8 1-0

[Event "Lloyds Bank Masters 18th"]
[Site "London"]
[Date "1994.08.21"]
[Round "2"]
[White "Crouch, Colin S"]
[Black "Tkachiev, Vladislav"]
[Result "0-1"]
[WhiteElo "2395"]
[BlackElo "2535"]
[PlyCount "56"]
[EventDate "1994.08.20"]
[EventType "swiss"]
[EventRounds "10"]
[EventCountry "ENG"]
[SourceTitle "BritBase"]

1. d4 Nf6 2. c4 g6 3. Nc3 Bg7 4. e4 d6 5. Nf3 O-O 6. h3 Na6 7. Be3 e5 8. dxe5
dxe5 9. c5 Qxd1+ 10. Rxd1 Nb4 11. Bc4 Nc2+ 12. Ke2 Nxe3 13. fxe3 Nd7 14. b4 c6
15. Rhf1 Bf6 16. Nd2 Be7 17. Bd3 a5 18. a3 b6 19. Nc4 axb4 20. axb4 bxc5 21. b5
cxb5 22. Nxb5 Bb7 23. Ncd6 Bc6 24. Ra1 Nb6 25. Rxa8 Rxa8 26. Rb1 Na4 27. Kf2
Bxd6 28. Nxd6 Rd8 0-1

[Event "Lloyds Bank Masters 18th"]
[Site "London"]
[Date "1994.08.21"]
[Round "2"]
[White "Das, Dipanjan"]
[Black "Rahal, Michael A"]
[Result "1/2-1/2"]
[WhiteElo "2155"]
[BlackElo "2335"]
[PlyCount "85"]
[EventDate "1994.08.20"]
[EventType "swiss"]
[EventRounds "10"]
[EventCountry "ENG"]
[SourceTitle "BritBase"]

1. e4 e6 2. d4 d5 3. exd5 exd5 4. Bd3 Nc6 5. c3 Bd6 6. h3 Nge7 7. Ne2 Ng6 8.
Bxg6 hxg6 9. Bf4 Be7 10. Qb3 O-O 11. Nd2 Na5 12. Qa4 c6 13. O-O b5 14. Qd1 Nc4
15. b4 a5 16. a3 g5 17. Nxc4 dxc4 18. Bh2 Qd5 19. Bc7 axb4 20. axb4 Bb7 21. f3
Qd7 22. Be5 Rxa1 23. Qxa1 Re8 24. Qb2 Bd8 25. Ra1 Bb6 26. Kf1 Qe6 27. Ra2 Qd5
28. Qd2 f6 29. Bh2 Bc8 30. Ng3 Bc7 31. Kg1 Bf4 32. Qd1 Qd6 33. Nf1 Qe7 34. Bxf4
gxf4 35. Kf2 Bf5 36. Re2 Qxe2+ 37. Qxe2 Rxe2+ 38. Kxe2 Bd3+ 39. Kf2 Kf7 40. Nd2
f5 41. g4 fxg3+ 42. Kxg3 Be2 43. f4 1/2-1/2

[Event "Lloyds Bank Masters 18th"]
[Site "London"]
[Date "1994.08.21"]
[Round "2"]
[White "Dutta, Shyamol"]
[Black "Piper, Matthew"]
[Result "1/2-1/2"]
[WhiteElo "2140"]
[BlackElo "2255"]
[PlyCount "117"]
[EventDate "1994.08.20"]
[EventType "swiss"]
[EventRounds "10"]
[EventCountry "ENG"]
[SourceTitle "BritBase"]

1. e4 e5 2. Nf3 Nc6 3. Bb5 Nf6 4. O-O Bc5 5. d3 d6 6. c3 O-O 7. b4 Bb6 8. Nbd2
Ne7 9. Nc4 Ng6 10. h3 Be6 11. Nxb6 axb6 12. Ba4 Nh5 13. d4 Qe7 14. d5 Bc8 15.
Bb5 Nhf4 16. Re1 f5 17. exf5 Bxf5 18. Bf1 Qf6 19. Kh2 Kh8 20. Ng1 e4 21. Bxf4
Nxf4 22. g3 Nd3 23. Bxd3 exd3 24. Qd2 Bg6 25. f4 Ra3 26. c4 Qc3 27. Qxc3 Rxc3
28. Rec1 Rxc1 29. Rxc1 Ra8 30. Kg2 Rxa2+ 31. Kf3 Rc2 32. Ra1 h6 33. g4 Rxc4 34.
f5 Bf7 35. Ke3 Rxb4 36. Nf3 Bxd5 37. Ra8+ Kh7 38. Nh4 Bc6 39. Rc8 Re4+ 40. Kxd3
Re8 41. Rxc7 Kg8 42. Ng6 b5 43. Ne7+ Kh8 44. Nxc6 bxc6 45. Rxc6 Re1 46. Rb6 Rb1
47. Ke3 Rb3+ 48. Ke4 Kg8 49. Rxd6 Rxh3 50. Rb6 Rb3 51. Rb8+ Kh7 52. Rb7 Rb4+
53. Kf3 h5 54. f6 hxg4+ 55. Kg3 Kg8 56. Rxg7+ Kf8 57. Rb7 Kg8 58. Kh4 g3+ 59.
Kxg3 1/2-1/2

[Event "Lloyds Bank Masters 18th"]
[Site "London"]
[Date "1994.08.21"]
[Round "2"]
[White "Emms, John M"]
[Black "Gasik, Renata"]
[Result "1-0"]
[WhiteElo "2535"]
[BlackElo "2155"]
[PlyCount "73"]
[EventDate "1994.08.20"]
[EventType "swiss"]
[EventRounds "10"]
[EventCountry "ENG"]
[SourceTitle "BritBase"]

1. e4 e6 2. d4 d5 3. Nd2 Nf6 4. e5 Nfd7 5. c3 c5 6. Bd3 b6 7. Ne2 Ba6 8. Bxa6
Nxa6 9. Nf4 Be7 10. O-O b5 11. Qg4 g6 12. h4 c4 13. Nf3 h5 14. Qg3 Nf8 15. Nh3
Nh7 16. Bg5 Nxg5 17. Nfxg5 Nc7 18. Rfe1 Bxg5 19. Nxg5 Qe7 20. Re3 O-O-O 21. a4
a6 22. Rf3 Rhf8 23. Rf4 Kb7 24. Qf3 Rd7 25. axb5 axb5 26. Rf6 Qe8 27. b3 cxb3
28. Rb1 Kb6 29. Rxb3 Re7 30. Rb1 Qd7 31. Rxg6 fxg6 32. Qxf8 Ne8 33. g3 Qc7 34.
Kg2 Ng7 35. Ra1 Re8 36. Qa3 Kc6 37. Qc5+ 1-0

[Event "Lloyds Bank Masters 18th"]
[Site "London"]
[Date "1994.08.21"]
[Round "2"]
[White "Gallagher, Joseph G"]
[Black "Karayiannis, Costas"]
[Result "1-0"]
[WhiteElo "2470"]
[BlackElo "2080"]
[PlyCount "49"]
[EventDate "1994.08.20"]
[EventType "swiss"]
[EventRounds "10"]
[EventCountry "ENG"]
[SourceTitle "BritBase"]

1. e4 c5 2. Nf3 Nc6 3. d4 cxd4 4. Nxd4 Nf6 5. Nc3 e5 6. Ndb5 d6 7. Bg5 a6 8.
Na3 b5 9. Bxf6 gxf6 10. Nd5 Bg7 11. c3 Ne7 12. Nxe7 Qxe7 13. Nc2 f5 14. exf5
O-O 15. Ne3 Bb7 16. a4 Bc6 17. Nd5 Qd8 18. g3 Rb8 19. axb5 axb5 20. Bg2 Bxd5
21. Bxd5 Qb6 22. O-O b4 23. Qg4 Kh8 24. f6 Bxf6 25. Qf5 1-0

[Event "Lloyds Bank Masters 18th"]
[Site "London"]
[Date "1994.08.21"]
[Round "2"]
[White "Harman, Ronald FA"]
[Black "Slutzky, Leonid"]
[Result "0-1"]
[WhiteElo "2080"]
[BlackElo "2340"]
[PlyCount "74"]
[EventDate "1994.08.20"]
[EventType "swiss"]
[EventRounds "10"]
[EventCountry "ENG"]
[SourceTitle "BritBase"]

1. Nf3 Nf6 2. d4 e6 3. c4 d5 4. Nc3 Bb4 5. e3 O-O 6. Bd3 c5 7. O-O dxc4 8. Bxc4
Nc6 9. a3 Bxc3 10. bxc3 Qc7 11. Bd3 e5 12. Qc2 Re8 13. dxe5 Nxe5 14. Nxe5 Qxe5
15. f4 Qe7 16. c4 Bd7 17. Rf3 Ne4 18. Bb2 f6 19. Bxe4 Qxe4 20. Qc3 Bc6 21. Rg3
Re6 22. Rd1 b6 23. h4 Qf5 24. Rg5 Qe4 25. Rg3 h6 26. Rd3 Rae8 27. Rf3 Qg6 28.
Rf2 Qg3 29. e4 Qxh4 30. e5 fxe5 31. fxe5 Rxe5 32. Qxe5 Rxe5 33. Bxe5 Bxg2 34.
Kxg2 Qe4+ 35. Rdf3 Qxe5 36. Rf7 Qe4+ 37. Kg3 Qg6+ 0-1

[Event "Lloyds Bank Masters 18th"]
[Site "London"]
[Date "1994.08.21"]
[Round "2"]
[White "Hodgson, John H"]
[Black "Frias Pablaza, Victor J"]
[Result "0-1"]
[WhiteElo "2250"]
[BlackElo "2480"]
[PlyCount "40"]
[EventDate "1994.08.20"]
[EventType "swiss"]
[EventRounds "10"]
[EventCountry "ENG"]
[SourceTitle "BritBase"]

1. e4 c5 2. Nf3 e6 3. c3 Nf6 4. e5 Nd5 5. d4 cxd4 6. cxd4 b6 7. Nc3 Nxc3 8.
bxc3 d5 9. Bd3 Be7 10. O-O O-O 11. Re1 Ba6 12. Bc2 Nc6 13. Re3 Na5 14. Bxh7+
Kxh7 15. Ng5+ Bxg5 16. Rh3+ Kg8 17. Qh5 f6 18. Bxg5 fxg5 19. Qh7+ Kf7 20. Rh6
Bd3 0-1

[Event "Lloyds Bank Masters 18th"]
[Site "London"]
[Date "1994.08.21"]
[Round "2"]
[White "Houska, Miroslav"]
[Black "McCarthy, Jim"]
[Result "0-1"]
[WhiteElo "2200"]
[BlackElo "2310"]
[PlyCount "95"]
[EventDate "1994.08.20"]
[EventType "swiss"]
[EventRounds "10"]
[EventCountry "ENG"]
[SourceTitle "BritBase"]

1. d4 e6 2. Nf3 Nf6 3. Bg5 c5 4. e3 h6 5. Bh4 b6 6. Bd3 Bb7 7. O-O Be7 8. c3 d6
9. h3 Nbd7 10. Nbd2 g5 11. Bg3 g4 12. hxg4 Nxg4 13. b4 h5 14. bxc5 bxc5 15. Be4
d5 16. Bd3 Bc6 17. e4 Ndf6 18. Ne5 Nxe5 19. Bxe5 Rg8 20. Bxf6 Bxf6 21. e5 Bg5
22. f4 Be7 23. f5 Bg5 24. Nf3 Be3+ 25. Kh1 cxd4 26. cxd4 Bxd4 27. Rc1 Bd7 28.
fxe6 fxe6 29. Qd2 Bb6 30. Qh6 Qe7 31. Bh7 Rf8 32. Ng5 Rxf1+ 33. Rxf1 O-O-O 34.
Nf3 Kb8 35. Bd3 Rg8 36. Bg6 Bb5 37. Qh7 Qd8 38. Rb1 Be2 39. Bf7 Rf8 40. Nh2 Qe7
41. Qc2 Bg4 42. Bg6 Rc8 43. Qd3 Qg5 44. Re1 Rg8 45. Bf7 Rg7 46. Qb5 Bf3 47.
Qe8+ Kc7 48. Ng4 0-1

[Event "Lloyds Bank Masters 18th"]
[Site "London"]
[Date "1994.08.21"]
[Round "2"]
[White "Hunt, Harriet"]
[Black "Garcia, Gildardo"]
[Result "0-1"]
[WhiteElo "2225"]
[BlackElo "2540"]
[PlyCount "126"]
[EventDate "1994.08.20"]
[EventType "swiss"]
[EventRounds "10"]
[EventCountry "ENG"]
[SourceTitle "BritBase"]

1. e4 e5 2. Nf3 Nc6 3. Bb5 Bc5 4. c3 Nf6 5. O-O O-O 6. d4 Bb6 7. Re1 d6 8. h3
h6 9. Na3 exd4 10. cxd4 d5 11. e5 Ne4 12. Nc2 f6 13. Be3 fxe5 14. dxe5 Ne7 15.
Bxb6 axb6 16. Bd3 Nc5 17. Bf1 Ne6 18. Ncd4 Nf4 19. Qb3 c5 20. Nb5 Neg6 21. a3
Be6 22. Rad1 Kh7 23. Rd2 d4 24. Qd1 Bd5 25. Nbxd4 Qe7 26. Nf5 Rxf5 27. Rxd5
Nxd5 28. Qxd5 Rd8 29. Qe4 Rf4 30. Qe3 Rdf8 31. Bd3 Qe6 32. Be4 Kh8 33. Bxb7
R4f7 34. Ba6 Rxf3 35. gxf3 Rf5 36. Rd1 Rxe5 37. Qd2 Rg5+ 38. Kh2 Qe5+ 39. f4
Nxf4 40. Qd6 Qe4 41. Qd8+ Kh7 42. Bd3 Nxd3 43. Qxd3 Rg2+ 44. Kh1 Qxd3 45. Rxd3
Rxf2 46. Rb3 Rf6 47. Kg2 Kg6 48. Rd3 Kh5 49. Re3 Rd6 50. b3 g5 51. Rc3 Kh4 52.
Re3 Rd2+ 53. Kg1 h5 54. a4 Rc2 55. Rd3 Rb2 56. Rc3 g4 57. hxg4 hxg4 58. a5 g3
59. axb6 Kh3 60. Rc1 Rxb3 61. Kf1 Rxb6 62. Rxc5 g2+ 63. Kf2 Rf6+ 0-1

[Event "Lloyds Bank Masters 18th"]
[Site "London"]
[Date "1994.08.21"]
[Round "2"]
[White "Kjeld, Matthias"]
[Black "Basman, Michael John"]
[Result "0-1"]
[WhiteElo "2140"]
[BlackElo "2375"]
[PlyCount "74"]
[EventDate "1994.08.20"]
[EventType "swiss"]
[EventRounds "10"]
[EventCountry "ENG"]
[SourceTitle "BritBase"]

1. e4 h6 2. d4 a6 3. Nf3 d6 4. Be3 g5 5. Bc4 Bg7 6. c3 Nf6 7. e5 Ng4 8. Bc1
dxe5 9. h3 e4 10. hxg4 exf3 11. Qxf3 e6 12. Nd2 Nd7 13. Ne4 Nb6 14. Bb3 Bd7 15.
Qe2 Qe7 16. Ng3 Bb5 17. Qe3 O-O-O 18. Nh5 Bf8 19. Bd2 Nc4 20. Bxc4 Bxc4 21. b3
Bd5 22. f3 Qa3 23. Bc1 Qa5 24. Bb2 f5 25. O-O Ba3 26. Bxa3 Qxa3 27. Nf6 fxg4
28. c4 Bxc4 29. Rfc1 Bd5 30. Nxd5 exd5 31. Rc5 gxf3 32. Qe7 Kb8 33. Qxc7+ Ka8
34. Rac1 Qb2 35. gxf3 Qxd4+ 36. Kg2 g4 37. fxg4 Rhg8 {time} 0-1

[Event "Lloyds Bank Masters 18th"]
[Site "London"]
[Date "1994.08.21"]
[Round "2"]
[White "Kogan, Artur"]
[Black "Psakhis, Lev"]
[Result "1/2-1/2"]
[WhiteElo "2470"]
[BlackElo "2605"]
[PlyCount "120"]
[EventDate "1994.08.20"]
[EventType "swiss"]
[EventRounds "10"]
[EventCountry "ENG"]
[SourceTitle "BritBase"]

1. d4 Nf6 2. Nf3 e6 3. Bf4 b6 4. e3 Bb7 5. Nbd2 d6 6. c3 Nbd7 7. Bd3 g6 8. Qe2
Bg7 9. h3 O-O 10. Ba6 Qc8 11. Bxb7 Qxb7 12. O-O Rae8 13. Bh2 e5 14. dxe5 dxe5
15. Nc4 e4 16. Nfe5 Nc5 17. Rfd1 Nd5 18. Qc2 Re6 19. Rd2 b5 20. Na5 Qa8 21.
Nec6 Nd3 22. Qb3 Rxc6 23. Qxd5 Rc5 24. Qxa8 Rxa8 25. Nb3 Rc4 26. Rad1 a5 27.
Rc2 f5 28. Nc1 Nxc1 29. Rcxc1 b4 30. Rd7 bxc3 31. bxc3 Rc8 32. Kf1 Bf6 33. Ke2
a4 34. Kd2 h5 35. g4 fxg4 36. hxg4 h4 37. g5 Bxg5 38. Rg1 Rd8 39. Rxd8+ Bxd8
40. Rxg6+ Kf7 41. Rh6 Bf6 42. Rh7+ Ke6 43. Rxc7 Bxc3+ 44. Ke2 Rxc7 45. Bxc7 Kd5
46. f3 Bf6 47. Kf2 Be7 48. Bb8 Bd8 49. Bf4 Bb6 50. Bg5 h3 51. Bf4 Bc5 52. Kg3
exf3 53. Kxf3 Kc4 54. e4 Kc3 55. e5 Kb2 56. Bg5 Kxa2 57. e6 a3 58. e7 Bxe7 59.
Bxe7 Kb3 60. Bxa3 Kxa3 1/2-1/2

[Event "Lloyds Bank Masters 18th"]
[Site "London"]
[Date "1994.08.21"]
[Round "2"]
[White "Kumaran, Dharshan"]
[Black "Clissold, Benjamin"]
[Result "1-0"]
[WhiteElo "2495"]
[BlackElo "2120"]
[PlyCount "67"]
[EventDate "1994.08.20"]
[EventType "swiss"]
[EventRounds "10"]
[EventCountry "ENG"]
[SourceTitle "BritBase"]

1. d4 Nf6 2. c4 g6 3. Nc3 Bg7 4. e4 d6 5. Be2 O-O 6. Be3 e5 7. d5 Nbd7 8. Nf3
Ng4 9. Bg5 f6 10. Bh4 h5 11. Nd2 Nh6 12. f3 a5 13. a3 g5 14. Bf2 Rf7 15. O-O
Nf8 16. c5 Ng6 17. Nc4 f5 18. cxd6 cxd6 19. Bb6 Qf6 20. Nb5 Bf8 21. Nc7 Rb8 22.
Ne8 Qh8 23. Nexd6 Bxd6 24. Nxd6 Qf6 25. Nxc8 Rxc8 26. d6 Nf4 27. Bb5 g4 28. Kh1
gxf3 29. gxf3 Rg7 30. d7 Rd8 31. Bxd8 Qxd8 32. Rc1 Kh7 33. Rc8 Qh4 34. Rh8+ 1-0

[Event "Lloyds Bank Masters 18th"]
[Site "London"]
[Date "1994.08.21"]
[Round "2"]
[White "Lau, Ralf"]
[Black "Cobb, Charles"]
[Result "1-0"]
[WhiteElo "2515"]
[BlackElo "2155"]
[PlyCount "87"]
[EventDate "1994.08.20"]
[EventType "swiss"]
[EventRounds "10"]
[EventCountry "ENG"]
[SourceTitle "BritBase"]

1. e4 e6 2. d4 d5 3. Nc3 Nf6 4. e5 Ne4 5. Nce2 f6 6. f3 Ng5 7. exf6 Qxf6 8. Be3
Bd6 9. Qd2 h6 10. O-O-O Nc6 11. h4 Nf7 12. f4 Bd7 13. h5 Bb4 14. c3 Nd6 15.
cxb4 Nc4 16. Qc3 a5 17. bxa5 Rxa5 18. Ng3 Nxe3 19. Qxe3 Rxa2 20. Bd3 O-O 21.
N1e2 Na5 22. Kb1 Ra8 23. Nc3 Ra1+ 24. Kc2 Rxd1 25. Rxd1 Nc6 26. Nge2 Nb4+ 27.
Kb1 Nxd3 28. Qxd3 Be8 29. Re1 Qf8 30. g4 b5 31. Qe3 b4 32. Nd1 Ra6 33. Nf2 Bb5
34. Nc1 Qf6 35. Nfd3 Ra8 36. Nc5 Re8 37. Na2 b3 38. Nc3 Bc4 39. Qe5 Qe7 40. Qe3
Kh7 41. Qf3 c6 42. Re3 Kg8 43. Re1 Kf7 44. g5 1-0

[Event "Lloyds Bank Masters 18th"]
[Site "London"]
[Date "1994.08.21"]
[Round "2"]
[White "Lodhi, Mahmood"]
[Black "Gurevich, Ilya"]
[Result "0-1"]
[WhiteElo "2450"]
[BlackElo "2570"]
[PlyCount "84"]
[EventDate "1994.08.20"]
[EventType "swiss"]
[EventRounds "10"]
[EventCountry "ENG"]
[SourceTitle "BritBase"]

1. d4 Nf6 2. Nf3 g6 3. c4 Bg7 4. Nc3 d5 5. g3 dxc4 6. Qa4+ c6 7. Qxc4 O-O 8.
Bg2 Na6 9. O-O Bf5 10. Ne5 Qc8 11. Rd1 Bh3 12. Bh1 Nc7 13. e4 Nd7 14. Nxd7 Qxd7
15. Be3 Rfd8 16. Qb3 Be6 17. d5 cxd5 18. exd5 Bg4 19. Rd2 Ne8 20. Ne4 Nd6 21.
Nxd6 exd6 22. Rc2 Bf5 23. Rc4 Rac8 24. Rac1 Rxc4 25. Rxc4 Rc8 26. Rxc8+ Qxc8
27. Bf3 b6 28. h4 Be5 29. Kh2 h5 30. Bd1 Be4 31. f3 Bf5 32. Kg2 Qa6 33. Kf2 Bd3
34. Qa3 Qb5 35. b3 Qxd5 36. Qxa7 Bb5 37. Qxb6 Qd3 38. Kg2 Qf1+ 39. Kh2 Bd3 40.
Bf2 Qxd1 41. Qe3 Be2 42. Kg2 Kh7 0-1

[Event "Lloyds Bank Masters 18th"]
[Site "London"]
[Date "1994.08.21"]
[Round "2"]
[White "Mithrakanth, Poorna Sharma"]
[Black "Flower, David"]
[Result "1/2-1/2"]
[WhiteElo "2460"]
[BlackElo "2045"]
[PlyCount "74"]
[EventDate "1994.08.20"]
[EventType "swiss"]
[EventRounds "10"]
[EventCountry "ENG"]
[SourceTitle "BritBase"]

1. e4 e5 2. Nf3 d6 3. d4 exd4 4. Nxd4 g6 5. Nc3 Bg7 6. Be3 Nf6 7. f3 O-O 8. g4
Re8 9. Qd2 d5 10. g5 Nxe4 11. fxe4 c5 12. Nb3 d4 13. O-O-O Nc6 14. Nb5 dxe3 15.
Qxe3 Qe7 16. Qxc5 Qxe4 17. Bd3 Qf4+ 18. Kb1 Re5 19. Qc4 Qxg5 20. Nc7 Be6 21.
Nxe6 Rxe6 22. Nc5 Ree8 23. Rhf1 Ne5 24. Qb3 Qe7 25. Bb5 Red8 26. Nd3 a6 27.
Nxe5 Rxd1+ 28. Rxd1 Qxe5 29. Bc4 Rf8 30. a4 Qc7 31. Rf1 Be5 32. h3 Kg7 33. a5
f6 34. Rd1 Rb8 35. Be6 Qxa5 36. Rd7+ Kh8 37. Rxb7 Qe1+ 1/2-1/2

[Event "Lloyds Bank Masters 18th"]
[Site "London"]
[Date "1994.08.21"]
[Round "2"]
[White "Moskovic, David M"]
[Black "Dive, Russell John"]
[Result "0-1"]
[WhiteElo "2065"]
[BlackElo "2315"]
[PlyCount "118"]
[EventDate "1994.08.20"]
[EventType "swiss"]
[EventRounds "10"]
[EventCountry "ENG"]
[SourceTitle "BritBase"]

1. e4 Nf6 2. Nc3 d5 3. exd5 Nxd5 4. Bc4 Nb6 5. Bb3 Nc6 6. Nf3 Bf5 7. d4 e6 8.
O-O Be7 9. Bf4 O-O 10. Qd2 Na5 11. Rfd1 c6 12. Ne5 a6 13. Qe2 Nd5 14. Nxd5 cxd5
15. c4 dxc4 16. Bxc4 Nxc4 17. Nxc4 Rc8 18. Rac1 h6 19. Ne3 Rxc1 20. Rxc1 Be4
21. f3 Bc6 22. Qd2 Bg5 23. Nc4 Bxf4 24. Qxf4 Qd5 25. b3 Rd8 26. Rd1 a5 27. Ne5
Be8 28. Qd2 a4 29. Qc3 f6 30. Nc4 Bc6 31. Nb6 Qb5 32. Nxa4 Qe2 33. Qd2 Qxd2 34.
Rxd2 Bxa4 35. bxa4 Ra8 36. Rb2 Rxa4 37. Rxb7 Rxd4 38. Ra7 Rd2 39. a4 e5 40. h3
Ra2 41. a5 h5 42. Ra8+ Kh7 43. h4 Ra4 44. g3 Ra2 45. Kf1 Kg6 46. Ra7 Kh6 47.
Ra6 Kg6 48. Kg1 Kf5 49. Ra8 e4 50. fxe4+ Kg4 51. Rg8 g5 52. e5 Kxg3 53. Kf1 g4
54. Rh8 Kf3 55. Ke1 Re2+ 56. Kd1 Rxe5 57. a6 Ra5 58. a7 Rxa7 59. Rxh5 g3 0-1

[Event "Lloyds Bank Masters 18th"]
[Site "London"]
[Date "1994.08.21"]
[Round "2"]
[White "Naylor, John"]
[Black "Marley, Justin C"]
[Result "1-0"]
[WhiteElo "2235"]
[BlackElo "2100"]
[PlyCount "75"]
[EventDate "1994.08.20"]
[EventType "swiss"]
[EventRounds "10"]
[EventCountry "ENG"]
[SourceTitle "BritBase"]

1. c4 Nf6 2. Nc3 g6 3. g3 Bg7 4. Bg2 c5 5. Nf3 Nc6 6. d4 cxd4 7. Nxd4 O-O 8.
O-O Nh5 9. Be3 f5 10. Bf3 f4 11. Nxc6 bxc6 12. Bd4 fxg3 13. hxg3 Nf6 14. e4 Ba6
15. b3 Bb7 16. Bg2 Qc7 17. e5 Nh5 18. Re1 Rf7 19. Qd3 Bh8 20. Rad1 Ng7 21. f4
Nf5 22. Bf2 h5 23. Qxd7 e6 24. Qxe6 Kh7 25. c5 Re7 26. Qc4 g5 27. Ne4 gxf4 28.
gxf4 Rg8 29. Ng5+ Rxg5 30. fxg5 Bxe5 31. Re2 Bc8 32. Rde1 h4 33. Be4 h3 34.
Bxf5+ Bxf5 35. Bg3 h2+ 36. Kh1 Be6 37. Rxe5 Bd5+ 38. Qxd5 1-0

[Event "Lloyds Bank Masters 18th"]
[Site "London"]
[Date "1994.08.21"]
[Round "2"]
[White "Nelson, Abiodun"]
[Black "Gufeld, Eduard"]
[Result "0-1"]
[WhiteElo "2195"]
[BlackElo "2440"]
[PlyCount "48"]
[EventDate "1994.08.20"]
[EventType "swiss"]
[EventRounds "10"]
[EventCountry "ENG"]
[SourceTitle "BritBase"]

1. e4 c5 2. c3 e6 3. Nf3 d5 4. exd5 exd5 5. d4 Nc6 6. Bb5 Bd6 7. dxc5 Bxc5 8.
O-O Nge7 9. h3 O-O 10. Bf4 Ng6 11. Bh2 Qb6 12. Qd3 a6 13. Ba4 Qxb2 14. Nbd2 Qa3
15. Bb3 Nge7 16. g4 Bd6 17. Bxd6 Qxd6 18. Kg2 Ng6 19. Qe3 Bd7 20. Rh1 Rad8 21.
Qb6 Nf4+ 22. Kf1 h5 23. Rd1 hxg4 24. Ng1 Qg6 0-1

[Event "Lloyds Bank Masters 18th"]
[Site "London"]
[Date "1994.08.21"]
[Round "2"]
[White "Pert, Nicholas"]
[Black "Walker, Mark I"]
[Result "1-0"]
[WhiteElo "2105"]
[BlackElo "2225"]
[PlyCount "53"]
[EventDate "1994.08.20"]
[EventType "swiss"]
[EventRounds "10"]
[EventCountry "ENG"]
[SourceTitle "BritBase"]

1. d4 Nf6 2. Nf3 g6 3. g3 Bg7 4. Bg2 O-O 5. O-O d6 6. c4 Nbd7 7. Nc3 e5 8. e4
h6 9. d5 Nc5 10. Ne1 a5 11. Nd3 Nxd3 12. Qxd3 Nd7 13. Be3 Nc5 14. Qd2 Kh7 15.
f4 exf4 16. gxf4 Nd7 17. Kh1 f5 18. exf5 gxf5 19. Rg1 Nf6 20. Bf3 Ng4 21. Rg2
Bd7 22. Rag1 Rf7 23. Bf2 Nxf2+ 24. Qxf2 Qf6 25. Bh5 Re7 26. Rg6 Qd4 27. Rxg7+
1-0

[Event "Lloyds Bank Masters 18th"]
[Site "London"]
[Date "1994.08.21"]
[Round "2"]
[White "Pickersgill, Adrian"]
[Black "Kataev, Simcho"]
[Result "0-1"]
[WhiteElo "2150"]
[BlackElo "2385"]
[PlyCount "42"]
[EventDate "1994.08.20"]
[EventType "swiss"]
[EventRounds "10"]
[EventCountry "ENG"]
[SourceTitle "BritBase"]

1. e4 c6 2. d4 d5 3. Nc3 g6 4. h3 h5 5. Nf3 Nh6 6. Bf4 Bg7 7. Qd2 dxe4 8. Nxe4
Bf5 9. Ng3 Nd7 10. Bc4 Nb6 11. Bb3 Nd5 12. Be5 f6 13. Nxf5 Nxf5 14. Bf4 Qd7 15.
O-O g5 16. Be3 g4 17. Bxd5 Qxd5 18. hxg4 hxg4 19. Nh2 Nh4 20. f3 g3 21. Ng4 Qh5
0-1

[Event "Lloyds Bank Masters 18th"]
[Site "London"]
[Date "1994.08.21"]
[Round "2"]
[White "Purkiss, William"]
[Black "Jonsson, Hans"]
[Result "0-1"]
[WhiteElo "2160"]
[BlackElo "2390"]
[PlyCount "60"]
[EventDate "1994.08.20"]
[EventType "swiss"]
[EventRounds "10"]
[EventCountry "ENG"]
[SourceTitle "BritBase"]

1. e4 c5 2. Nf3 d6 3. d4 cxd4 4. Nxd4 Nf6 5. Nc3 Nc6 6. Bc4 Qb6 7. Nb3 e6 8.
Qe2 Be7 9. f4 a6 10. Be3 Qc7 11. O-O b5 12. Bd3 Bb7 13. a4 b4 14. Nb1 Na5 15.
Nxa5 Qxa5 16. Nd2 d5 17. e5 Ne4 18. Bxe4 dxe4 19. Bf2 Rc8 20. Nxe4 Qd5 21. Rfe1
Rc4 22. Qg4 Rxe4 23. Red1 Qxe5 24. Qf3 Qxf4 25. Qd3 O-O 26. Qd7 Re2 27. Qxb7
Qxf2+ 28. Kh1 Bf6 29. Rf1 Qh4 30. Qxa6 Be5 0-1